| 000 | 00472nam a2200181Ia 4500 | ||
|---|---|---|---|
| 008 | 231217s9999 xx 000 0 und d | ||
| 020 | _a8178814021 | ||
| 041 | _aEnglish | ||
| 082 | _a338.40687 SUB;1 R | ||
| 100 | _aSubbulakshmi, V ed. | ||
| 245 | 0 | _aIndian garment industry : prospects beyond 2005 | |
| 250 | _a1st ed. | ||
| 260 |
_c2004 _bICFAI Press _aHyderabad |
||
| 300 | _aviii, 173 | ||
| 500 | _aContent page available | ||
| 650 | _aICFAI | ||
| 942 | _cAA | ||
| 999 |
_c181519 _d181519 |
||